Television Quiz

Random Television or WWE Quiz

WWE Royal Rumble Winners Quiz Stats

 Plays Quiz not verified by Sporcle

Also try: Funny TV Mothers
Challenge
Share
Tweet
Embed
Score 0/26 Timer 06:00
0 Plays Today
Hint Answer % Correct
2008John Cena
88.3%
2013John Cena
88.3%
2000The Rock
86.9%
2002Triple H
86.1%
2010Edge
83.2%
1995Shawn Michaels
82.5%
1996Shawn Michaels
82.5%
1997Stone Cold Steve Austin
82.5%
1998Stone Cold Steve Austin
82.5%
2001Stone Cold Steve Austin
82.5%
1990Hulk Hogan
81.8%
1991Hulk Hogan
81.8%
2007Undertaker
79.6%
Hint Answer % Correct
1988Jim Duggan
78.8%
2009Randy Orton
78.8%
2005Batista
77.4%
1994Bret Hart
75.2%
2004Chris Benoit
75.2%
2011Alberto Del Rio
75.2%
2006Rey Mysterio
74.5%
2012Sheamus
72.3%
2003Brock Lesnar
68.6%
1993Yokozuna
67.9%
1989Big John Studd
67.2%
1992Ric Flair
67.2%
1999Mr McMahon
66.4%

You're not logged in!

Compare scores with friends on all Sporcle quizzes.
OR
Log In

You Might Also Like...

Show Comments

Extras

Created Sep 11, 2013ReportNominate
Tags:WWE Quiz, Royal Rumble

Top Quizzes Today


Score Distribution

Your Account Isn't Verified!

In order to create a playlist on Sporcle, you need to verify the email address you used during registration. Go to your Sporcle Settings to finish the process.

Report this User

Report this user for behavior that violates our Community Guidelines.

Details: